From party to movement?: the german radical right in transition /
Guardat en:
| Autor principal: | |
|---|---|
| Format: | Text |
| Matèries: | |
| Etiquetes: |
Afegir etiqueta
Sense etiquetes, Sigues el primer a etiquetar aquest registre!
|
MARC
| LEADER | 00000 a a2200000 04500 | ||
|---|---|---|---|
| 001 | 18921 | ||
| 003 | |||
| 040 | |||
| 100 | |a Minkenberg, Michael | ||
| 245 | |a From party to movement?: |b the german radical right in transition / |c Michael Minkenberg | ||
| 650 | |a EXTREMISMO | ||
| 650 | |a DERECHA | ||
| 650 | |a JUVENTUD | ||
| 650 | |a PARTIDOS POLITICOS | ||
| 650 | |a ALEMANIA | ||
| 650 | |a EUROPA | ||
| 650 | |a DERECHA | ||
| 650 | |a EXTREMISMO | ||
| 650 | |a ACTITUDES | ||
| 773 | |g número 20; páginas 51-70 | ||
| 999 | |c 29507 |d 29507 | ||
